| 000 | 00764nam a2200301Ia 4500 | ||
|---|---|---|---|
| 008 | 160803s9999 xx 000 0 und d | ||
| 020 | _a9780440420743 | ||
| 100 | _aGliori, Debi | ||
| 245 | _aPure dead batty / | ||
| 245 | _cDebi Gliori. | ||
| 260 | _aNew York : | ||
| 260 | _bScholastic Inc. | ||
| 260 | _c2005 | ||
| 300 | _a293 pages : | ||
| 300 | _billustrations ; | ||
| 300 | _c20 cm | ||
| 500 | _aOriginally published: Deep water. London : Transworld Publishers, 2005. | ||
| 650 | _aBrothers and sisters -- | ||
| 650 | _aCriminals -- | ||
| 650 | _aHumurous stories. | ||
| 650 | _aMagic -- | ||
| 650 | _aWitches -- | ||
| 650 | _xFiction. | ||
| 650 | _xFiction. | ||
| 650 | _xFiction. | ||
| 650 | _xFiction. | ||
| 700 | _a1090 | ||
| 999 |
_c298821 _d298821 |
||